| 000 | 00672cam a2200241 a 4500 | ||
|---|---|---|---|
| 001 | 13489973 | ||
| 005 | 20180209033947.0 | ||
| 008 | 040213s2005 maua 001 0 eng | ||
| 010 | _a 2004102165 | ||
| 020 | _a9780312412753 | ||
| 020 | _a0312412754 | ||
| 035 | _a(DLC) 2004102165 | ||
| 040 |
_aDLC _cDLC _dDLC |
||
| 041 | _aeng | ||
| 080 | _a37 BAR | ||
| 082 | _237 BAR | ||
| 100 | _a48 | ||
| 101 | _aEDU | ||
| 245 | 0 | 0 |
_aCritical thinking, reading, and writing : _c[edited by] Sylvan Barnet, Hugo Bedau. |
| 906 |
_a7 _bcbc _corignew _d2 _eepcn _f20 _gy-gencatlg |
||
| 942 |
_2ddc _cBK |
||
| 999 |
_c42210 _d42210 |
||